Business communication : process and product (Record no. 740)

000 -LEADER
fixed length control field 00662nam a22001937a 4500
003 - CONTROL NUMBER IDENTIFIER
control field OSt
005 - DATE AND TIME OF LATEST TRANSACTION
control field 20210616135320.0
008 - FIXED-LENGTH DATA ELEMENTS--GENERAL INFORMATION
fixed length control field 210616b ||||| |||| 00| 0 eng d
040 ## - CATALOGING SOURCE
Transcribing agency ALUPE UNIVERSITY
050 ## - LIBRARY OF CONGRESS CALL NUMBER
Classification number HF 5718.3
Item number .G82 2003.
100 ## - MAIN ENTRY--PERSONAL NAME
Personal name Guffey, Mary Ellen
245 ## - TITLE STATEMENT
Title Business communication : process and product
Remainder of title Business communication : process and product
250 ## - EDITION STATEMENT
Edition statement Brief Canadian edition
Remainder of edition statement Brief Canadian edition
260 ## - PUBLICATION, DISTRIBUTION, ETC.
Place of publication, distribution, etc. Canada
Name of publisher, distributor, etc. Thomson Nelson
Date of publication, distribution, etc. c 2003
300 ## - PHYSICAL DESCRIPTION
Extent xi,
Other physical details 397p.
Dimensions ill. . +
Accompanying material : Coloured
Size of unit ; 27 cm
500 ## - GENERAL NOTE
General note index
942 ## - ADDED ENTRY ELEMENTS (KOHA)
Source of classification or shelving scheme
Koha item type Book
Suppress in OPAC DO
Holdings
Withdrawn status Lost status Source of classification or shelving scheme Damaged status Not for loan Permanent Location Current Location Shelving location Date acquired Total Checkouts Full call number Barcode Date last seen Price effective from Koha item type Public note
          AU LIBRARY AU LIBRARY Open Shelf 16.06.2021   HF 5718.3 .G82 2003. 28001222 16.06.2021 16.06.2021 Book DO

Powered by Koha